000 00273nam a2200109Ia 4500
001 1276033
005 20260417160439.0
008 260417s9999 xx 000 0 und d
020 _a9786256999558
245 0 _aKüçük Şehzade
_cCahit Zarifoğlu
260 _bKetebe Çocuk
999 _c1276033
_d1276033